000 00627nam a2200253Ia 4500
005 20260121161059.0
008 008 260114s9999 xx 000 0 eng d
020 _a9781315809465
037 _aEBOOK
040 _aCRL
040 _beng
040 _cCRL
041 _2eng
041 _aeng
084 _qCRL
100 _a Harvey Bertcher; Alice E Lamont; Linda Farris Kurtz
_91039958
245 0 _aRebuilding Communities
260 _bTaylor and Francis
260 _c1999
856 _uhttp://www.taylorfrancis.com/books/9781315809465
942 _cEBOOK
999 _c1606774
_d1606774